[Event "2nd Easter 4NCL Congress"]
[Site "Daventry"]
[Date "2022.04.17"]
[Round "4"]
[Board "6"]
[White "Okhai, Shabir"]
[Black "Horspool, Philip J"]
[Result "1-0"]
[WhiteElo "2267"]
[BlackElo "2079"]
[PlyCount "0"]
[EventDate "2022.04.15"]
[EventRounds "7"]
[EventCountry "ENG"]

1. e4 {[%clk 01:30:59]} e5 {[%clk 01:30:56]} {[%emt 00:00:05]} 2. Nf3 {[%clk
01:31:25]} {[%emt 00:00:04]} Nc6 {[%clk 01:31:24]} {[%emt 00:00:03]} 3. Bc4
{[%clk 01:31:50]} {[%emt 00:00:03]} Nf6 {[%clk 01:31:50]} {[%emt 00:00:05]} 4.
d3 {[%clk 01:32:17]} {[%emt 00:00:03]} h6 {[%clk 01:32:12]} {[%emt 00:00:07]} 5.
O-O {[%clk 01:32:21]} {[%emt 00:00:26]} d6 {[%clk 01:32:21]} {[%emt 00:00:22]}
6. c3 {[%clk 01:32:45]} {[%emt 00:00:05]} g6 {[%clk 01:32:48]} {[%emt
00:00:03]} 7. d4 {[%clk 01:33:04]} {[%emt 00:00:11]} Qe7 {[%clk 01:32:29]}
{[%emt 00:00:50]} 8. Re1 {[%clk 01:33:25]} {[%emt 00:00:09]} Bg7 {[%clk
01:32:55]} {[%emt 00:00:04]} 9. Nbd2 {[%clk 01:33:46]} {[%emt 00:00:08]} O-O
{[%clk 01:33:12]} {[%emt 00:00:13]} 10. h3 {[%clk 01:34:11]} {[%emt 00:00:05]}
Kh7 {[%clk 01:33:01]} {[%emt 00:00:41]} 11. Nf1 {[%clk 01:32:35]} {[%emt
00:02:07]} Nh5 {[%clk 01:26:46]} {[%emt 00:06:44]} 12. Bb3 {[%clk 01:29:19]}
{[%emt 00:03:46]} Qf6 {[%clk 01:09:24]} {[%emt 00:17:52]} 13. Ne3 {[%clk
01:25:00]} {[%emt 00:04:50]} exd4 {[%clk 00:59:41]} {[%emt 00:10:13]} 14. Nd5
{[%clk 01:23:36]} {[%emt 00:01:54]} Qd8 {[%clk 01:00:03]} {[%emt 00:00:07]} 15.
cxd4 {[%clk 01:22:36]} {[%emt 00:01:31]} Nf6 {[%clk 00:54:07]} {[%emt
00:06:25]} 16. Nc3 {[%clk 01:19:01]} {[%emt 00:04:06]} Kg8 {[%clk 00:44:28]}
{[%emt 00:10:09]} 17. a3 {[%clk 01:11:43]} {[%emt 00:07:48]} Re8 {[%clk
00:34:29]} {[%emt 00:10:28]} 18. Qd3 {[%clk 01:09:06]} {[%emt 00:03:08]} Nh7
{[%clk 00:25:04]} {[%emt 00:09:55]} 19. Be3 {[%clk 01:00:23]} {[%emt 00:09:12]}
Ng5 {[%clk 00:17:37]} {[%emt 00:07:58]} 20. Nxg5 {[%clk 00:58:52]} {[%emt
00:02:01]} hxg5 {[%clk 00:18:03]} {[%emt 00:00:04]} 21. g4 {[%clk 00:56:47]}
{[%emt 00:02:34]} Qf6 {[%clk 00:12:20]} {[%emt 00:06:14]} 22. Rad1 {[%clk
00:53:06]} {[%emt 00:04:11]} Qf3 {[%clk 00:09:33]} {[%emt 00:03:18]} 23. Qf1
{[%clk 00:50:39]} {[%emt 00:02:56]} Qf6 {[%clk 00:09:20]} {[%emt 00:00:44]} 24.
Kg2 {[%clk 00:45:28]} {[%emt 00:05:41]} Bd7 {[%clk 00:06:46]} {[%emt 00:03:04]}
25. Qb5 {[%clk 00:36:36]} {[%emt 00:09:22]} a6 {[%clk 00:04:20]} {[%emt
00:02:56]} 26. Qd3 {[%clk 00:35:32]} {[%emt 00:01:32]} Qd8 {[%clk 00:03:14]}
{[%emt 00:01:38]} 27. Qd2 {[%clk 00:35:24]} {[%emt 00:00:38]} Bh6 {[%clk
00:03:18]} {[%emt 00:00:26]} 28. f3 {[%clk 00:35:00]} {[%emt 00:00:53]} Kf8
{[%clk 00:01:44]} {[%emt 00:02:05]} 29. h4 {[%clk 00:34:10]} {[%emt 00:01:20]}
Qc8 {[%clk 00:01:41]} {[%emt 00:00:33]} 30. Bxg5 {[%clk 00:33:30]} {[%emt
00:01:09]} Bg7 {[%clk 00:02:00]} {[%emt 00:00:11]} 31. Qf4 {[%clk 00:30:24]}
{[%emt 00:03:36]} f5 {[%clk 00:02:27]} {[%emt 00:00:04]} 32. Bh6 {[%clk
00:29:18]} {[%emt 00:01:36]} Qd8 {[%clk 00:02:13]} {[%emt 00:00:44]} 33. h5
{[%clk 00:27:12]} {[%emt 00:02:35]} Ne7 {[%clk 00:02:01]} {[%emt 00:00:42]} 34.
Rh1 {[%clk 00:26:16]} {[%emt 00:01:26]}  1-0

[Event "2nd Easter 4NCL Congress"]
[Site "Daventry"]
[Date "2022.04.17"]
[Round "4"]
[Board "7"]
[White "Wilks, Simon"]
[Black "Fallowfield, Jeremy R"]
[Result "1-0"]
[WhiteElo "2161"]
[BlackElo "2235"]
[PlyCount "0"]
[EventDate "2022.04.15"]
[EventRounds "7"]
[EventCountry "ENG"]

1. e4 {[%clk 01:27:33]} {[%emt 00:03:25]} c6 {[%clk 01:30:32]} {[%emt
00:00:31]} 2. Nc3 {[%clk 01:27:28]} {[%emt 00:00:35]} d5 {[%clk 01:30:54]}
{[%emt 00:00:07]} 3. d4 {[%clk 01:27:26]} {[%emt 00:00:32]} dxe4 {[%clk
01:31:14]} {[%emt 00:00:10]} 4. Nxe4 {[%clk 01:27:52]} {[%emt 00:00:04]} Nf6
{[%clk 01:30:56]} {[%emt 00:00:48]} 5. Nxf6+ {[%clk 01:27:49]} {[%emt
00:00:33]} exf6 {[%clk 01:31:18]} {[%emt 00:00:07]} 6. c3 {[%clk 01:27:48]}
{[%emt 00:00:32]} Bd6 {[%clk 01:31:38]} {[%emt 00:00:09]} 7. Bd3 {[%clk
01:28:06]} {[%emt 00:00:13]} O-O {[%clk 01:31:50]} {[%emt 00:00:18]} 8. Ne2
{[%clk 01:27:48]} {[%emt 00:00:49]} Re8 {[%clk 01:31:58]} {[%emt 00:00:21]} 9.
Qc2 {[%clk 01:27:37]} {[%emt 00:00:42]} h5 {[%clk 01:32:09]} {[%emt 00:00:17]}
10. Be3 {[%clk 01:21:05]} {[%emt 00:07:03]} Nd7 {[%clk 01:32:29]} {[%emt
00:00:10]} 11. O-O-O {[%clk 01:20:23]} {[%emt 00:01:13]} Nf8 {[%clk 01:32:39]}
{[%emt 00:00:19]} 12. Kb1 {[%clk 01:11:12]} {[%emt 00:09:42]} Be6 {[%clk
01:32:57]} {[%emt 00:00:10]} 13. c4 {[%clk 01:08:49]} {[%emt 00:02:54]} Rc8
{[%clk 01:29:28]} {[%emt 00:03:59]} 14. Qd2 {[%clk 00:55:56]} {[%emt 00:13:23]}
a6 {[%clk 00:56:38]} {[%emt 00:33:20]} 15. Rc1 {[%clk 00:46:05]} {[%emt
00:10:21]} b5 {[%clk 00:53:58]} {[%emt 00:03:10]} 16. d5 {[%clk 00:43:46]}
{[%emt 00:02:49]} cxd5 {[%clk 00:43:40]} {[%emt 00:10:48]} 17. cxb5 {[%clk
00:42:44]} {[%emt 00:01:32]} axb5 {[%clk 00:42:59]} {[%emt 00:01:11]} 18. Bxb5
{[%clk 00:42:01]} {[%emt 00:01:13]} Re7 {[%clk 00:42:38]} {[%emt 00:00:51]} 19.
Rxc8 {[%clk 00:40:56]} {[%emt 00:01:35]} Qxc8 {[%clk 00:42:57]} {[%emt
00:00:11]} 20. Nd4 {[%clk 00:25:39]} {[%emt 00:15:48]} Rc7 {[%clk 00:38:54]}
{[%emt 00:04:32]} 21. Bd3 {[%clk 00:18:48]} {[%emt 00:07:20]} Be5 {[%clk
00:35:57]} {[%emt 00:03:27]} 22. h3 {[%clk 00:11:18]} {[%emt 00:08:00]} Bxd4
{[%clk 00:35:20]} {[%emt 00:01:08]} 23. Bxd4 {[%clk 00:11:35]} {[%emt
00:00:13]} Bf5 {[%clk 00:35:47]} {[%emt 00:00:03]} 24. Rd1 {[%clk 00:10:55]}
{[%emt 00:01:09]} Rc4 {[%clk 00:34:06]} {[%emt 00:02:12]} 25. Bxf5 {[%clk
00:09:13]} {[%emt 00:02:13]} Qxf5+ {[%clk 00:34:31]} {[%emt 00:00:03]} 26. Qd3
{[%clk 00:09:28]} {[%emt 00:00:16]} Qxd3+ {[%clk 00:23:35]} {[%emt 00:11:26]}
27. Rxd3 {[%clk 00:09:52]} {[%emt 00:00:06]} Ne6 {[%clk 00:23:59]} {[%emt
00:00:06]} 28. Be3 {[%clk 00:07:40]} {[%emt 00:02:41]} d4 {[%clk 00:24:10]}
{[%emt 00:00:19]} 29. b3 {[%clk 00:04:38]} {[%emt 00:03:34]} Rc5 {[%clk
00:23:44]} {[%emt 00:00:55]} 30. Bc1 {[%clk 00:04:30]} {[%emt 00:00:38]} Rf5
{[%clk 00:22:18]} {[%emt 00:01:56]} 31. f3 {[%clk 00:04:28]} {[%emt 00:00:32]}
Kf8 {[%clk 00:21:51]} {[%emt 00:00:58]} 32. Kb2 {[%clk 00:03:35]} {[%emt
00:01:22]} Ke7 {[%clk 00:22:09]} {[%emt 00:00:12]} 33. a4 {[%clk 00:02:55]}
{[%emt 00:01:11]} Kd7 {[%clk 00:22:13]} {[%emt 00:00:25]} 34. b4 {[%clk
00:02:54]} {[%emt 00:00:30]} Kc6 {[%clk 00:22:41]} {[%emt 00:00:03]} 35. Kb3
{[%clk 00:03:03]} {[%emt 00:00:21]} Kd5 {[%clk 00:23:01]} {[%emt 00:00:09]} 36.
Bb2 {[%clk 00:01:32]} {[%emt 00:02:02]} Re5 {[%clk 00:23:19]} {[%emt 00:00:12]}
37. Bxd4 {[%clk 00:01:24]} {[%emt 00:00:39]} Nxd4+ {[%clk 00:23:45]} {[%emt
00:00:03]} 38. Kc3 {[%clk 00:01:49]} {[%emt 00:00:06]} Re2 {[%clk 00:23:48]}
{[%emt 00:00:26]} 39. Rxd4+ {[%clk 00:02:12]} {[%emt 00:00:07]} Kc6 {[%clk
00:24:01]} {[%emt 00:00:18]} 40. Rd2 {[%clk 00:02:29]} {[%emt 00:00:12]} Re3+
{[%clk 00:24:24]} {[%emt 00:00:07]} 41. Kc4 {[%clk 00:02:51]} {[%emt 00:00:09]}
Re1 {[%clk 00:24:40]} {[%emt 00:00:14]} 42. b5+ {[%clk 00:02:51]} {[%emt
00:00:30]} Kb6 {[%clk 00:24:03]} {[%emt 00:01:06]} 43. Rd6+ {[%clk 00:02:18]}
{[%emt 00:01:02]} Kc7 {[%clk 00:24:32]} {[%emt 00:00:02]} 44. Rc6+ {[%clk
00:02:36]} {[%emt 00:00:13]} Kb7 {[%clk 00:25:01]} {[%emt 00:00:01]} 45. a5
{[%clk 00:02:24]} {[%emt 00:00:41]} Rc1+ {[%clk 00:25:28]} {[%emt 00:00:03]} 46.
Kd5 {[%clk 00:02:46]} {[%emt 00:00:08]} Rd1+ {[%clk 00:25:49]} {[%emt
00:00:08]} 47. Kc5 {[%clk 00:02:52]} {[%emt 00:00:25]} Rc1+ {[%clk 00:26:18]}
{[%emt 00:00:02]} 48. Kd6 {[%clk 00:03:06]} {[%emt 00:00:16]} Rd1+ {[%clk
00:26:40]} {[%emt 00:00:08]} 49. Ke7 {[%clk 00:03:16]} {[%emt 00:00:19]} Rd5
{[%clk 00:27:04]} {[%emt 00:00:06]} 50. a6+ {[%clk 00:03:10]} {[%emt 00:00:36]}
Kb8 {[%clk 00:27:32]} {[%emt 00:00:03]} 51. Rb6+ {[%clk 00:01:38]} {[%emt
00:02:02]} Ka8 {[%clk 00:27:25]} {[%emt 00:00:36]} 52. Kxf7 {[%clk 00:01:26]}
{[%emt 00:00:42]} h4 {[%clk 00:27:25]} {[%emt 00:00:30]} 53. Kxg7 {[%clk
00:01:15]} {[%emt 00:00:41]} Ka7 {[%clk 00:27:49]} {[%emt 00:00:07]} 54. Rxf6
{[%clk 00:01:10]} {[%emt 00:00:34]} Rxb5 {[%clk 00:27:55]} {[%emt 00:00:23]} 55.
Kh6 {[%clk 00:01:01]} {[%emt 00:00:40]} Ra5 {[%clk 00:27:40]} {[%emt 00:00:45]}
56. Rg6 {[%clk 00:01:22]} {[%emt 00:00:09]} Kb8 {[%clk 00:28:00]} {[%emt
00:00:10]} 57. Rg5 {[%clk 00:01:30]} {[%emt 00:00:22]} Rxa6+ {[%clk 00:28:26]}
{[%emt 00:00:03]} 58. Kh5 {[%clk 00:01:52]} {[%emt 00:00:08]}  1-0

[Event "2nd Easter 4NCL Congress"]
[Site "Daventry"]
[Date "2022.04.17"]
[Round "4"]
[Board "8"]
[White "Burrows, Martin P"]
[Black "Gordon, Frederick"]
[Result "0-1"]
[WhiteElo "2214"]
[BlackElo "1829"]
[PlyCount "0"]
[EventDate "2022.04.15"]
[EventRounds "7"]
[EventCountry "ENG"]

1. e4 {[%clk 01:30:55]} {[%emt 00:00:04]} c5 {[%clk 01:30:55]} {[%emt
00:00:06]} 2. Nf3 {[%clk 01:31:19]} {[%emt 00:00:06]} g6 {[%clk 01:31:17]}
{[%emt 00:00:07]} 3. d4 {[%clk 01:31:38]} {[%emt 00:00:11]} cxd4 {[%clk
01:31:39]} {[%emt 00:00:09]} 4. Nxd4 {[%clk 01:31:58]} {[%emt 00:00:11]} Nc6
{[%clk 01:32:02]} {[%emt 00:00:06]} 5. c4 {[%clk 01:32:03]} {[%emt 00:00:25]}
Nf6 {[%clk 01:32:26]} {[%emt 00:00:07]} 6. Nc3 {[%clk 01:32:14]} {[%emt
00:00:18]} Nxd4 {[%clk 01:32:45]} {[%emt 00:00:10]} 7. Qxd4 {[%clk 01:32:33]}
{[%emt 00:00:11]} d6 {[%clk 01:33:05]} {[%emt 00:00:11]} 8. Be2 {[%clk
01:32:27]} {[%emt 00:00:35]} Bg7 {[%clk 01:33:29]} {[%emt 00:00:06]} 9. Be3
{[%clk 01:32:27]} {[%emt 00:00:30]} O-O {[%clk 01:33:51]} {[%emt 00:00:08]} 10.
Qd2 {[%clk 01:32:35]} {[%emt 00:00:23]} Be6 {[%clk 01:34:10]} {[%emt 00:00:12]}
11. Rc1 {[%clk 01:30:32]} {[%emt 00:02:32]} Qa5 {[%clk 01:32:05]} {[%emt
00:02:35]} 12. f3 {[%clk 01:30:28]} {[%emt 00:00:34]} Rfc8 {[%clk 01:32:13]}
{[%emt 00:00:21]} 13. b3 {[%clk 01:30:34]} {[%emt 00:00:24]} a6 {[%clk
01:32:24]} {[%emt 00:00:20]} 14. Na4 {[%clk 01:30:29]} {[%emt 00:00:35]} Qxd2+
{[%clk 01:32:43]} {[%emt 00:00:11]} 15. Kxd2 {[%clk 01:30:42]} {[%emt
00:00:17]} Nd7 {[%clk 01:33:00]} {[%emt 00:00:13]} 16. g4 {[%clk 01:30:07]}
{[%emt 00:01:05]} f5 {[%clk 01:32:26]} {[%emt 00:01:04]} 17. exf5 {[%clk
01:29:33]} {[%emt 00:01:04]} gxf5 {[%clk 01:32:44]} {[%emt 00:00:12]} 18. h3
{[%clk 01:29:35]} {[%emt 00:00:28]} Rf8 {[%clk 01:32:52]} {[%emt 00:00:21]} 19.
Nc3 {[%clk 01:18:53]} {[%emt 00:11:12]} f4 {[%clk 01:26:59]} {[%emt 00:06:23]}
20. Bf2 {[%clk 01:18:57]} {[%emt 00:00:26]} b5 {[%clk 01:24:04]} {[%emt
00:03:26]} 21. cxb5 {[%clk 01:04:35]} {[%emt 00:14:52]} axb5 {[%clk 01:24:21]}
{[%emt 00:00:14]} 22. Bxb5 {[%clk 01:04:47]} {[%emt 00:00:18]} Bxc3+ {[%clk
01:24:02]} {[%emt 00:00:48]} 23. Rxc3 {[%clk 01:04:08]} {[%emt 00:01:09]} Rxa2+
{[%clk 01:24:14]} {[%emt 00:00:18]} 24. Rc2 {[%clk 01:04:27]} {[%emt 00:00:11]}
Rxc2+ {[%clk 01:24:21]} {[%emt 00:00:24]} 25. Kxc2 {[%clk 01:04:55]} {[%emt
00:00:01]} Ne5 {[%clk 01:23:50]} {[%emt 00:01:01]} 26. Ra1 {[%clk 00:43:03]}
{[%emt 00:22:23]} Rc8+ {[%clk 01:20:33]} {[%emt 00:03:47]} 27. Kb2 {[%clk
00:42:51]} {[%emt 00:00:41]} Rb8 {[%clk 01:20:45]} {[%emt 00:00:18]} 28. Ra5
{[%clk 00:39:15]} {[%emt 00:04:07]} Nxf3 {[%clk 01:16:42]} {[%emt 00:04:33]} 29.
b4 {[%clk 00:33:43]} {[%emt 00:06:02]} Nd2 {[%clk 01:08:54]} {[%emt 00:08:18]}
30. Bh4 {[%clk 00:24:14]} {[%emt 00:09:58]} Nb3 {[%clk 01:07:34]} {[%emt
00:01:50]} 31. Ra7 {[%clk 00:19:29]} {[%emt 00:05:15]} Rxb5 {[%clk 01:06:14]}
{[%emt 00:01:51]} 32. Rxe7 {[%clk 00:19:57]} {[%emt 00:00:02]} Bf7 {[%clk
01:04:51]} {[%emt 00:01:53]} 33. Rxf7 {[%clk 00:20:03]} {[%emt 00:00:24]} Kxf7
{[%clk 01:05:13]} {[%emt 00:00:08]} 34. Kxb3 {[%clk 00:20:30]} {[%emt
00:00:03]} Ke6 {[%clk 01:04:09]} {[%emt 00:01:34]} 35. Kc4 {[%clk 00:20:39]}
{[%emt 00:00:21]} Rb8 {[%clk 01:04:17]} {[%emt 00:00:21]} 36. b5 {[%clk
00:21:06]} {[%emt 00:00:03]} d5+ {[%clk 01:03:53]} {[%emt 00:00:54]} 37. Kc5
{[%clk 00:21:21]} {[%emt 00:00:16]} d4 {[%clk 01:04:09]} {[%emt 00:00:14]} 38.
Kxd4 {[%clk 00:17:13]} {[%emt 00:04:38]} Rxb5 {[%clk 01:04:30]} {[%emt
00:00:09]} 39. Ke4 {[%clk 00:17:16]} {[%emt 00:00:26]} Rb4+ {[%clk 01:04:52]}
{[%emt 00:00:08]} 40. Kf3 {[%clk 00:17:38]} {[%emt 00:00:08]} Ke5 {[%clk
01:05:14]} {[%emt 00:00:07]} 41. Bd8 {[%clk 00:17:40]} {[%emt 00:00:29]} Rb3+
{[%clk 01:05:26]} {[%emt 00:00:18]} 42. Kg2 {[%clk 00:18:03]} {[%emt 00:00:07]}
Ke4 {[%clk 01:05:48]} {[%emt 00:00:08]} 43. g5 {[%clk 00:17:38]} {[%emt
00:00:55]} Rb2+ {[%clk 01:06:08]} {[%emt 00:00:10]} 44. Kg1 {[%clk 00:17:54]}
{[%emt 00:00:14]} Kf3 {[%clk 01:06:26]} {[%emt 00:00:11]}  0-1

[Event "2nd Easter 4NCL Congress"]
[Site "Daventry"]
[Date "2022.04.17"]
[Round "4"]
[Board "9"]
[White "James, Russell A"]
[Black "Finn, Peter"]
[Result "1-0"]
[WhiteElo "2140"]
[BlackElo "2177"]
[PlyCount "0"]
[EventDate "2022.04.15"]
[EventRounds "7"]
[EventCountry "ENG"]

1. e4 {[%clk 01:30:55]} {[%emt 00:00:04]} c5 {[%clk 01:29:26]} {[%emt
00:01:34]} 2. Nf3 {[%clk 01:30:56]} {[%emt 00:00:29]} Nc6 {[%clk 01:29:51]}
{[%emt 00:00:06]} 3. d4 {[%clk 01:31:05]} {[%emt 00:00:20]} cxd4 {[%clk
01:30:16]} {[%emt 00:00:05]} 4. Nxd4 {[%clk 01:31:30]} {[%emt 00:00:05]} Nf6
{[%clk 01:30:41]} {[%emt 00:00:06]} 5. Nc3 {[%clk 01:30:57]} {[%emt 00:01:02]}
e5 {[%clk 01:31:06]} {[%emt 00:00:05]} 6. Ndb5 {[%clk 01:30:47]} {[%emt
00:00:41]} d6 {[%clk 01:31:30]} {[%emt 00:00:06]} 7. Bg5 {[%clk 01:31:04]}
{[%emt 00:00:13]} a6 {[%clk 01:31:54]} {[%emt 00:00:06]} 8. Na3 {[%clk
01:31:22]} {[%emt 00:00:11]} b5 {[%clk 01:32:19]} {[%emt 00:00:04]} 9. Nd5
{[%clk 01:31:33]} {[%emt 00:00:20]} Be7 {[%clk 01:32:44]} {[%emt 00:00:06]} 10.
Bxf6 {[%clk 01:31:49]} {[%emt 00:00:13]} Bxf6 {[%clk 01:33:08]} {[%emt
00:00:06]} 11. c3 {[%clk 01:30:47]} {[%emt 00:01:32]} O-O {[%clk 01:32:54]}
{[%emt 00:00:44]} 12. Nc2 {[%clk 01:30:31]} {[%emt 00:00:45]} Rb8 {[%clk
01:32:59]} {[%emt 00:00:26]} 13. h4 {[%clk 01:29:39]} {[%emt 00:01:22]} g6
{[%clk 01:31:12]} {[%emt 00:02:17]} 14. g3 {[%clk 01:28:30]} {[%emt 00:01:39]}
Bg7 {[%clk 01:30:02]} {[%emt 00:01:41]} 15. h5 {[%clk 01:26:48]} {[%emt
00:02:11]} Qg5 {[%clk 01:15:36]} {[%emt 00:14:56]} 16. Nce3 {[%clk 01:06:19]}
{[%emt 00:21:00]} f5 {[%clk 01:05:50]} {[%emt 00:10:16]} 17. hxg6 {[%clk
00:55:39]} {[%emt 00:11:09]} f4 {[%clk 00:30:03]} {[%emt 00:36:18]} 18. Qb3
{[%clk 00:45:48]} {[%emt 00:10:20]} Be6 {[%clk 00:27:10]} {[%emt 00:03:24]} 19.
Bh3 {[%clk 00:35:56]} {[%emt 00:10:22]} Qxg6 {[%clk 00:22:22]} {[%emt
00:05:18]} 20. Bxe6+ {[%clk 00:28:26]} {[%emt 00:08:00]} Qxe6 {[%clk 00:22:48]}
{[%emt 00:00:04]} 21. Ne7+ {[%clk 00:27:28]} {[%emt 00:01:27]} Kf7 {[%clk
00:23:12]} {[%emt 00:00:06]} 22. Qxe6+ {[%clk 00:22:45]} {[%emt 00:05:12]} Kxe6
{[%clk 00:23:38]} {[%emt 00:00:04]} 23. Nxc6 {[%clk 00:23:09]} {[%emt
00:00:06]} fxe3 {[%clk 00:20:40]} {[%emt 00:03:29]} 24. Nxb8 {[%clk 00:23:25]}
{[%emt 00:00:14]} exf2+ {[%clk 00:20:57]} {[%emt 00:00:13]} 25. Ke2 {[%clk
00:23:15]} {[%emt 00:00:39]} Rxb8 {[%clk 00:21:24]} {[%emt 00:00:04]} 26. Rxh7
{[%clk 00:22:33]} {[%emt 00:01:11]} Kf6 {[%clk 00:21:18]} {[%emt 00:00:37]} 27.
Kxf2 {[%clk 00:22:03]} {[%emt 00:01:00]} b4 {[%clk 00:21:20]} {[%emt 00:00:28]}
28. c4 {[%clk 00:21:32]} {[%emt 00:01:01]} b3 {[%clk 00:21:42]} {[%emt
00:00:08]} 29. Rhh1 {[%clk 00:14:45]} {[%emt 00:07:17]} Rb4 {[%clk 00:20:56]}
{[%emt 00:01:16]} 30. axb3 {[%clk 00:12:36]} {[%emt 00:02:39]} Rxb3 {[%clk
00:21:23]} {[%emt 00:00:03]} 31. Rhb1 {[%clk 00:12:18]} {[%emt 00:00:47]} Bh6
{[%clk 00:21:48]} {[%emt 00:00:05]} 32. Rxa6 {[%clk 00:11:38]} {[%emt
00:01:11]} Be3+ {[%clk 00:22:15]} {[%emt 00:00:03]} 33. Kg2 {[%clk 00:09:12]}
{[%emt 00:02:56]} Bc5 {[%clk 00:22:34]} {[%emt 00:00:12]} 34. Ra2 {[%clk
00:07:36]} {[%emt 00:02:05]} Kg5 {[%clk 00:22:53]} {[%emt 00:00:11]} 35. Ra8
{[%clk 00:06:00]} {[%emt 00:02:06]} Re3 {[%clk 00:19:57]} {[%emt 00:03:26]} 36.
b4 {[%clk 00:04:42]} {[%emt 00:01:49]} Re2+ {[%clk 00:20:24]} {[%emt 00:00:03]}
37. Kh3 {[%clk 00:05:04]} {[%emt 00:00:05]} Bf2 {[%clk 00:20:28]} {[%emt
00:00:28]} 38. Rf8 {[%clk 00:04:36]} {[%emt 00:00:59]} Bb6 {[%clk 00:20:12]}
{[%emt 00:00:45]} 39. Rbf1 {[%clk 00:03:58]} {[%emt 00:01:08]} Rxe4 {[%clk
00:20:14]} {[%emt 00:00:28]} 40. R8f6 {[%clk 00:03:00]} {[%emt 00:01:28]}  1-0

[Event "2nd Easter 4NCL Congress"]
[Site "Daventry"]
[Date "2022.04.17"]
[Round "4"]
[Board "10"]
[White "Gomez, Daniel"]
[Black "Thompson, Ian D"]
[Result "1/2-1/2"]
[WhiteElo "2025"]
[BlackElo "2213"]
[PlyCount "0"]
[EventDate "2022.04.15"]
[EventRounds "7"]
[EventCountry "ENG"]

1. e4 {[%clk 01:30:45]} {[%emt 00:00:13]} e6 {[%clk 01:30:54]} {[%emt
00:00:06]} 2. d4 {[%clk 01:31:13]} {[%emt 00:00:04]} d5 {[%clk 01:31:17]}
{[%emt 00:00:06]} 3. Nc3 {[%clk 01:31:37]} {[%emt 00:00:06]} Nf6 {[%clk
01:31:40]} {[%emt 00:00:07]} 4. e5 {[%clk 01:32:00]} {[%emt 00:00:08]} Nfd7
{[%clk 01:32:05]} {[%emt 00:00:04]} 5. Nce2 {[%clk 01:32:23]} {[%emt 00:00:07]}
c5 {[%clk 01:32:19]} {[%emt 00:00:16]} 6. c3 {[%clk 01:32:49]} {[%emt
00:00:05]} Nc6 {[%clk 01:32:22]} {[%emt 00:00:26]} 7. f4 {[%clk 01:33:09]}
{[%emt 00:00:10]} Qb6 {[%clk 01:30:48]} {[%emt 00:02:04]} 8. Nf3 {[%clk
01:33:34]} {[%emt 00:00:05]} Be7 {[%clk 01:29:57]} {[%emt 00:01:22]} 9. g3
{[%clk 01:25:53]} {[%emt 00:08:10]} f5 {[%clk 01:26:55]} {[%emt 00:03:32]} 10.
a3 {[%clk 01:16:38]} {[%emt 00:09:46]} a5 {[%clk 01:27:00]} {[%emt 00:00:25]}
11. Bh3 {[%clk 01:14:58]} {[%emt 00:02:10]} a4 {[%clk 01:24:40]} {[%emt
00:02:49]} 12. g4 {[%clk 01:11:16]} {[%emt 00:04:12]} Nf8 {[%clk 01:21:00]}
{[%emt 00:04:09]} 13. gxf5 {[%clk 00:58:09]} {[%emt 00:13:38]} exf5 {[%clk
01:21:21]} {[%emt 00:00:10]} 14. dxc5 {[%clk 00:41:59]} {[%emt 00:16:40]} Qxc5
{[%clk 01:16:58]} {[%emt 00:04:52]} 15. Qd3 {[%clk 00:42:08]} {[%emt 00:00:21]}
g6 {[%clk 01:16:30]} {[%emt 00:00:58]} 16. Be3 {[%clk 00:42:28]} {[%emt
00:00:09]} Qc4 {[%clk 01:13:55]} {[%emt 00:03:06]} 17. O-O-O {[%clk 00:38:30]}
{[%emt 00:04:28]} Be6 {[%clk 01:12:44]} {[%emt 00:01:41]} 18. Bg2 {[%clk
00:38:20]} {[%emt 00:00:40]} Qa2 {[%clk 01:05:23]} {[%emt 00:07:52]} 19. Nfd4
{[%clk 00:36:02]} {[%emt 00:02:46]} Na5 {[%clk 01:03:18]} {[%emt 00:02:37]} 20.
Qb1 {[%clk 00:31:46]} {[%emt 00:04:46]} Qc4 {[%clk 01:02:12]} {[%emt 00:01:36]}
21. Qd3 {[%clk 00:31:41]} {[%emt 00:00:34]} Qc7 {[%emt 00:01:46]}  1/2-1/2